[Event "GER-ch Net Amateur Gr-C Vor3"]
[Site "Playchess.com INT"]
[Date "2020.04.16"]
[Round "9"]
[White "Knochenhauer Avila, Santiago"]
[Black "Zemmrich, Filip"]
[Result "0-1"]
[WhiteElo "1031"]
[BlackElo "1240"]
[PlyCount "46"]
[EventDate "2020.04.16"]
[EventType "swiss (blitz)"]
[EventRounds "9"]
[EventCountry "GER"]
[SourceTitle "CBM 195 Extra"]
[Source "ChessBase"]
[SourceDate "2020.05.31"]
[SourceVersion "1"]
[SourceVersionDate "2020.05.31"]
[SourceQuality "1"]

1. e4 e5 2. d4 exd4 3. Nf3 Nf6 4. Bb5 Nc6 5. c3 a6 6. Bc4 Bc5 7. cxd4 Bxd4 8. Nxd4 Nxe4 9. Nxc6 bxc6 10. f3 Nc5 11. b4 Ne6 12. Bxe6 fxe6 13. h4 0-0 14. Bg5 Qe8 15. f4 h6 16. g3 hxg5 17. Qh5 Qxh5 18. Rh2 gxh4 19. Kf2 hxg3+ 20. Kxg3 Qg6+ 21. Kf3 Qf6 22. Nc3 Qxc3+ 23. Kg4 Qxa1 0-1

[Event "GER-ch Net Amateur Gr-C Vor2"]
[Site "Playchess.com INT"]
[Date "2020.04.15"]
[Round "5"]
[White "Kauschanski, Nicolas"]
[Black "Zemmrich, Filip"]
[Result "1-0"]
[WhiteElo "1303"]
[BlackElo "1620"]
[PlyCount "145"]
[EventDate "2020.04.15"]
[EventType "swiss (blitz)"]
[EventRounds "9"]
[EventCountry "GER"]
[SourceTitle "CBM 196 Extra"]
[Source "ChessBase"]
[SourceDate "2020.07.31"]
[SourceVersion "1"]
[SourceVersionDate "2020.07.31"]
[SourceQuality "1"]

1. d4 d5 2. Bf4 Nf6 3. Nf3 e6 4. e3 c5 5. c4 cxd4 6. cxd5 exd5 7. exd4 Qe7+ 8. Qe2 Qxe2+ 9. Bxe2 Be7 10. 0-0 0-0 11. Nc3 Nc6 12. Nb5 Bd7 13. Nc3 Ne4 14. Nxe4 dxe4 15. Nd2 Nxd4 16. Bd1 Rfe8 17. Nxe4 Bb4 18. Bd2 Rxe4 19. Bxb4 Ne2+ 20. Bxe2 Rxe2 21. Bc3 Bb5 22. Rfe1 Rxe1+ 23. Rxe1 h6 24. a3 Re8 25. Rxe8+ Bxe8 26. Kf1 g5 27. Ke2 Kh7 28. Kf3 Kg6 29. Kg4 f5+ 30. Kf3 g4+ 31. Ke2 Kg5 32. g3 h5 33. Bd4 a5 34. Bb6 Bb5+ 35. Ke1 f4 36. gxf4+ Kxf4 37. Bxa5 Kf3 38. Bc7 h4 39. Bd8 h3 40. Bc7 Kg2 41. Bg3 Bc4 42. Kd2 b5 43. Kc3 Bd5 44. Kb4 Bc4 45. a4 Bd3 46. axb5 Bxb5 47. Kxb5 Kf3 48. Kc4 Ke4 49. b4 Kf3 50. b5 Kg2 51. b6 Kg1 52. b7 Kg2 53. b8Q Kh1 54. Qb7+ Kg1 55. Qb1+ Kg2 56. Qe4+ Kg1 57. Qxg4 Kg2 58. Qxh3+ Kxh3 59. f4 Kg4 60. Kd4 Kf5 61. Kd5 Kf6 62. Kd6 Kf5 63. Ke7 Ke4 64. Ke6 Ke3 65. f5 Kf3 66. f6 Kg4 67. f7 Kh3 68. f8Q Kg2 69. Qf2+ Kh3 70. Kf6 Kg4 71. Qf4+ Kh3 72. Qf2 Kg4 73. Qf5# 1-0